=LDR 00000nam 2200000 4500 =001 000931 =005 20250712125418 =035 ##$$a 0010-0725000809 =007 ta =008 250712################a##########0#ind## =020 ##$$a 978-623-472-604-6 =082 ##$$a 398.209 598 =084 ##$$a 398.209 598 SIL a =100 #$$a Silva milena =245 1#$$a Aku tahu cara berhitung /$c Milena da silva =250 ##$$a Cetakan pertama =260 ##$$a Rawamangun :$b Badan pengembangan dan pusat bahasa,$c 2022 =300 ##$$a 20 hlm. : $b Ilus. ; $c 22,9 cm. =650 #4$$a Cerita anak indonesia-terjemahan =650 #4$$a Literasi-bahan bacaan